Apports récents des inscriptions grecques à l'histoire de l'antiquité
Sábháilte in:
| Príomhchruthaitheoir: | |
|---|---|
| Formáid: | LEABHAR |
| Teanga: | Fraincis |
| Foilsithe / Cruthaithe: |
París
College de France
2005
|
| Ábhair: | |
| Clibeanna: |
Cuir clib leis
Níl clibeanna ann, Bí ar an gcéad duine le clib a chur leis an taifead seo!
|
MARC
| LEADER | 00000nam a2200000 a 4500 | ||
|---|---|---|---|
| 001 | UCJ9096 | ||
| 003 | CL-VaPUC | ||
| 005 | 20210320001249.0 | ||
| 008 | 070302e20050000FR |||||||||||||||||fre|d | ||
| 999 | |c 324728 |d 324726 | ||
| 020 | |a 2213624534 | ||
| 040 | |c Pontificia Universidad Católica de Valparaíso | ||
| 082 | 0 | 4 | |a 938 KNO 2005 |2 21 |
| 100 | |a Knoepfler, Denis |e author |9 519015 | ||
| 245 | 1 | 0 | |a Apports récents des inscriptions grecques à l'histoire de l'antiquité |
| 260 | |a París |b College de France |c 2005 | ||
| 300 | |a 93 páginas | ||
| 583 | |a last modification |c 20070302 00:00:00 |k Rodrigo Vera | ||
| 650 | 0 | |a Historia de Grecia |9 267917 | |
| 650 | 0 | |a Historia antigua |9 267521 | |
| 650 | 0 | |a Fuentes Históricas |9 265141 | |
| 942 | |c BK |2 ddc | ||
| 945 | |d 20070302 00:00:00 |a cmena | ||
| 952 | |0 0 |1 0 |4 0 |6 938_000000000000000_KNO_2005 |7 0 |8 A |9 405068 |a BIBHIS |b BIBHIS |d 2019-11-22 |i 4257529 |o 938 KNO 2005 |p 4257529 |r 2023-01-25 |w 2019-11-22 |y BK |k HIS | ||